| 000 | 00451nam a2200181Ia 4500 | ||
|---|---|---|---|
| 001 | 10394 | ||
| 005 | 20260306161829.0 | ||
| 008 | 260306t2004||||xx |||||||||||||| ||spa|| | ||
| 041 | _aESP | ||
| 082 |
_a923.1 _bD88C |
||
| 100 |
_aGrupo La República _eAUT |
||
| 245 | 0 |
_aNapoleón Bonaparte: _bpersonajes que hicieron historia |
|
| 260 | _c2004 | ||
| 300 |
_a45 páginas : _c13 cm. |
||
| 650 | _aGEN | ||
| 654 | _aCHU | ||
| 942 |
_cLIB _dJUS _fJUS _2ddc _n |
||
| 999 |
_c10394 _d10394 |
||